000
00304nam a2200121Ia 4500
008
190216s9999||||xx |||||||||||||| ||und||
100
_a
Dewett Kk & Adarsh Chand
245
0
_a
Modern Economic Theory
260
_b
Shyamlal Charitable Trust
_c
1973
300
_a
585p
650
_a
Economics
942
_c
BK
999
_c
9645
_d
9645